China finance review international

Detalles Bibliográficos
Formato: Electrónico Revista
Lenguaje:inglés
Publicado: Bingley, England : Emerald Group Publishing
Materias:
Acceso en línea:Full text available from Research Library: 01/01/2011 to 1 year ago

MARC

LEADER 00000nas a2200000 a 4500
001 ssj0000857999
003 WaSeSS
005 20200512172242.0
006 m d
007 cr n
008 130322c20uu9999enkq| p|s|||||| |0eng d
022 |a 2044-1401  |l 2044-1398  |y 2044-1398 
035 |a (WaSeSS)ssj0000857999 
040 |a WaSeSS  |c WaSeSS  |d WaSeSS 
043 |a a-cc--- 
050 4 |a HG187.C6 
245 0 0 |a China finance review international  |h [electronic resource]. 
260 |a Bingley, England :  |b Emerald Group Publishing 
310 |a Quarterly 
362 1 |a Began with Vol. 1, No. 1. 
506 |a License restrictions may limit access. 
588 |a Description based on: Vol. 1, No. 1 (2011); title from pdf title page (ProQuest, viewed March 22, 2013). 
588 |a Latest issue consulted: Vol. 3 (1) (2013) (viewed March 22, 2013). 
650 0 |a Finance  |z China  |v Periodicals. 
650 0 |a Investments, Foreign  |z China  |v Periodicals. 
651 0 |a China  |x Economic policy  |v Periodicals. 
655 0 |a Electronic journals. 
776 0 8 |i Print version:  |t China finance review international  |x 2044-1398 
856 4 0 |z Full text available from Research Library: 01/01/2011 to 1 year ago  |u https://search.proquest.com/publication/566330